Statistiques concernant Culture Générale - Série 2330

Cliquez ici pour prendre le quiz!

Statistiques générales

  • Ce quiz a été pris 136 fois
  • Le résultat moyen est 3 sur 10

Statistiques - réponses

QuestionRéponse% Correct
Comment dit-on 90 en Belgique ?nonante
95%
Quel est le style musical du poète, auteur-compositeur-interprète "Grand Corps Malade" ?slam
89%
Quel espèce d'oiseau est le jacquot ?perroquet
48%
De quelle île est originaire l'animal appelé tenrec ou tanrec ?Madagascar
34%
Mollusque comestible voisin de la palourde et de la praire - 4 lettres commençant par " c "clam
18%
A qui appartient l'ile Raoul ou Raoul Island - autrefois Sunday Island ?Nouvelle Zélande
14%
Ce nom lorsqu'il est commun désigne une nuance de vert tirant sur le jaune et lorsqu'il est propre un peintre italien prénommé Paul.véronèse
13%
Quel nom donnait-on à l'envoyé du pape en mission diplomatique - aujourd'hui appelé "nonce" ?légat
8%
En poésie : Pied de deux syllabes, la première brève, la seconde longue - anagramme "abime"iambe
7%
Comment appelle-t-on le fruit comestible de l'aubépine ? voir photocenelle
3%

Distribution des résultats

Percentile par nombre de réponses

% des personnes avec chaque résultat

Votre développement - résultats

Vous n’avez pas pris ce quiz